[Event "Gonzaga Classic Masters 2020"]
[Site "Dublin/"]
[Date "2020.01.26"]
[Round "4.11"]
[White "Peoples, Jonathon"]
[Black "Haque, Muhtarim-Ul"]
[Result "1/2-1/2"]
[WhiteElo "1909"]
[BlackElo "2045"]
[Annotator "NA"]
[PlyCount "72"]
[EventDate "2020.01.24"]
[EventType "swiss"]
[EventCountry "IRL"]
[SourceTitle "playchess.com"]
[Source "ChessBase"]
[SourceQuality "1"]
[TimeControl "5400+30"]

1. d4 {[%emt 1:30:30]} Nf6 {[%emt 1:30:30]} 2. c4 {[%emt 0:00:30]} g6 {[%emt 0:00:30]} 3. Nc3 {[%emt 0:00:30]} Bg7 {[%emt 0:00:30]} 4. e4 {[%emt 0:00:30]} d6 {[%emt 0:00:30]} 5. Nf3 {[%emt 0:00:30]} O-O {[%emt 0:00:30]} 6. Be2 {[%emt 0:00:30]} e5 {[%emt 0:00:30]} 7. O-O {[%emt 0:00:30]} Nc6 {[%emt 0:00:30]} 8. d5 {[%emt 0:00:30]} Ne7 {[%emt 0:00:30]} 9. b4 {[%emt 0:00:30]} Nh5 {[%emt 0:00:30]} 10. Re1 {[%emt 0:00:30]} a5 {[%emt 0:00:30]} 11. Ba3 {[%emt 0:00:30]} Nf4 {[%emt 0:00:30]} 12. Bf1 {[%emt 0:00:30]} f5 {[%emt 0:00:30]} 13. bxa5 {[%emt 0:00:30]} fxe4 {[%emt 0:00:30]} 14. Nxe4 {[%emt 0:00:30]} (14. Nd2 $11) 14... Bg4 {[%emt 0:00:30]} 15. Qb3 {[%emt 0:00:30]} Kh8 {[%emt 0:00:30]} (15... Nh3+ $11 {remains equal.} 16. gxh3 Rxf3) 16. Rab1 {[%emt 0:00:30]} Rxa5 {[%emt 0:00:30]} 17. Bb4 $11 {[%emt 0:00:30]} Ra8 {[%emt 0:00:30]} 18. c5 {[%emt 0:00:30]} Nexd5 {[%emt 0:00:30]} 19. cxd6 {[%emt 0:00:30]} Nxb4 {[%emt 0:00:30]} 20. dxc7 {[%emt 0:00:30]} Qxc7 {[%emt 0:00:30]} 21. Qxb4 {[%emt 0:00:30]} Rxa2 {[%emt 0:00:30]} 22. Qxb7 {[%emt 0:00:30]} Qxb7 {[%emt 0:00:30]} 23. Rxb7 {[%emt 0:00:30]} Nh3+ {[%emt 0:00:30]} 24. gxh3 {[%emt 0:00:30]} Bxf3 {[%emt 0:00:30]} 25. Bg2 {[%emt 0:00:30]} Bxe4 {[%emt 0:00:30]} 26. Bxe4 {[%emt 0:00:30]} Raxf2 {[%emt 0:00:30]} 27. Rc1 {[%emt 0:00:30]} R2f7 {[%emt 0:00:30]} 28. Rxf7 {[%emt 0:00:30]} Rxf7 {[%emt 0:00:30]} 29. Rc8+ {[%emt 0:00:30]} Rf8 {[%emt 0:00:30]} 30. Rxf8+ {[%emt 0:00:30]} Bxf8 {[%emt 0:00:30]} 31. Kg2 {[%emt 0:00:30]} Kg7 {[%emt 0:00:30]} 32. Kg3 {[%emt 0:00:30]} Kf6 {[%emt 0:00:30]} 33. h4 {[%emt 0:00:30]} h6 {[%emt 0:00:30]} 34. h5 {[%emt 0:00:30]} g5 {[%emt 0:00:30]} 35. Kg4 {[%emt 0:00:30]} Ke6 {[%emt 0:00:30]} 36. h4 {[%emt 0:00:30]} Be7 {[%emt 0:00:30]} 1/2-1/2

[Event "Gonzaga Classic Masters 2020"]
[Site "Dublin/"]
[Date "2020.01.26"]
[Round "4.12"]
[White "Murray, David"]
[Black "Brewer, Callum D"]
[Result "1-0"]
[WhiteElo "2140"]
[BlackElo "2134"]
[Annotator "NA"]
[PlyCount "63"]
[EventDate "2020.01.24"]
[EventType "swiss"]
[EventCountry "IRL"]
[SourceTitle "playchess.com"]
[Source "ChessBase"]
[SourceQuality "1"]
[TimeControl "5400+30"]

1. e4 {[%emt 0:06:16]} c6 {[%emt 0:01:52]} 2. d4 {[%emt 0:04:58]} d5 {[%emt 0:00:02]} 3. e5 {[%emt 0:00:14]} Bf5 {[%emt 0:00:01]} 4. h4 {[%emt 0:00:41]} h5 {[%emt 0:00:37]} 5. Bd3 {[%emt 0:01:27]} Bxd3 {[%emt 0:00:12]} 6. Qxd3 {[%emt 0:00:07]} Qa5+ {[%emt 0:00:09]} 7. Nd2 {[%emt 0:01:14]} e6 {[%emt 0:02:18]} 8. Ngf3 {[%emt 0:01:37]} Ne7 {[%emt 0:06:22]} 9. O-O {[%emt 0:01:55]} Nf5 {[%emt 1:22:57]} 10. b3 {[%emt 0:02:04]} Nd7 {[%emt 0:00:30]} 11. c4 {[%emt 0:04:14]} Be7 {[%emt 0:00:00]} 12. a4 {[%emt 0:03:34]} O-O {[%emt 0:00:00]} 13. Ba3 {[%emt 0:02:32]} Bxa3 {[%emt 0:00:00]} 14. Rxa3 $11 {[%emt 0:00:19]} Qb4 {[%emt 0:00:00]} 15. Ra2 {[%emt 0:03:24]} Rfd8 {[%emt 0:00:00]} 16. Rc1 {[%emt 0:14:03]} dxc4 {[%emt 0:00:00]} 17. Rxc4 {[%emt 0:49:51]} Qe7 {[%emt 0:00:00]} 18. a5 {[%emt 0:00:00]} c5 {[%emt 0:00:00]} 19. d5 {[%emt 0:00:00]} exd5 {[%emt 0:00:00]} 20. Rf4 {[%emt 0:00:00]} Nh6 {[%emt 0:00:00]} 21. Ng5 {[%emt 0:00:00]} Nf8 {[%emt 0:00:00]} 22. Nf1 {[%emt 0:00:00]} Qxe5 {[%emt 0:00:00]} 23. Qf3 {[%emt 0:00:00]} Ng6 {[%emt 0:00:42]} 24. Rxf7 {[%emt 0:00:00]} Nxh4 {[%emt 0:00:11]} 25. Qxh5 {[%emt 0:00:00]} Nxf7 {[%emt 0:04:42]} 26. Qxf7+ {[%emt 0:00:00]} Kh8 {[%emt 0:00:04]} 27. Qh5+ {[%emt 0:00:00]} Kg8 {[%emt 0:00:02]} 28. Qh7+ {[%emt 0:00:00]} Kf8 {[%emt 0:00:06]} 29. Qxh4 {[%emt 0:00:00]} d4 {[%emt 0:02:59]} 30. Qh5 {[%emt 0:00:00]} Qd5 {[%emt 0:00:40]} 31. Re2 {[%emt 0:00:48]} d3 {[%emt 0:00:12]} 32. Re6 {[%emt 0:01:17]} 1-0

[Event "Gonzaga Classic Masters 2020"]
[Site "Dublin/"]
[Date "2020.01.26"]
[Round "4.13"]
[White "Burke, Kevin A."]
[Black "Jackson, Carl"]
[Result "1-0"]
[WhiteElo "1851"]
[BlackElo "2074"]
[Annotator "NA"]
[PlyCount "83"]
[EventDate "2020.01.24"]
[EventType "swiss"]
[EventCountry "IRL"]
[SourceTitle "playchess.com"]
[Source "ChessBase"]
[SourceQuality "1"]
[TimeControl "5400+30"]

1. e4 {[%emt 1:30:30]} c5 {[%emt 1:30:30]} 2. c3 {[%emt 0:00:30]} d5 {[%emt 0:00:30]} 3. exd5 {[%emt 0:00:30]} Qxd5 {[%emt 0:00:30]} 4. d4 {[%emt 0:00:30]} Nc6 {[%emt 0:00:30]} 5. Nf3 {[%emt 0:00:30]} Bf5 {[%emt 0:00:30]} 6. dxc5 {[%emt 0:00:30]} Qxd1+ {[%emt 0:00:30]} 7. Kxd1 {[%emt 0:00:30]} Nf6 {[%emt 0:00:30]} 8. Bc4 {[%emt 0:00:30]} e6 {[%emt 0:00:30]} 9. b4 {[%emt 0:00:30]} Be7 {[%emt 0:00:30]} 10. Nbd2 {[%emt 0:00:30]} O-O {[%emt 0:00:30]} 11. a4 {[%emt 0:00:30]} Ng4 {[%emt 0:00:30]} (11... Rfd8 $15 12. Ke1 Nd5) 12. Ke2 {[%emt 0:00:30]} Bf6 {[%emt 0:00:30]} 13. Ra3 $11 {[%emt 0:00:30]} Rfd8 {[%emt 0:00:30]} 14. Ne1 {[%emt 0:00:30]} a6 {[%emt 0:00:30]} 15. f4 {[%emt 0:00:30]} g5 {[%emt 0:00:30]} 16. h3 {[%emt 0:00:30]} Nh6 {[%emt 0:00:30]} 17. g4 {[%emt 0:00:30]} Nxg4 {[%emt 0:00:30]} 18. hxg4 {[%emt 0:00:30]} Bxg4+ {[%emt 0:00:30]} 19. Ke3 {[%emt 0:00:30]} gxf4+ {[%emt 0:00:30]} 20. Kxf4 {[%emt 0:00:30]} h5 {[%emt 0:00:30]} 21. Ne4 {[%emt 0:00:30]} Bg7 {[%emt 0:00:30]} 22. Nd3 {[%emt 0:00:30]} Ne7 {[%emt 0:00:30]} 23. Ndf2 {[%emt 0:00:30]} Ng6+ {[%emt 0:00:30]} 24. Kg5 {[%emt 0:00:30]} Ne5 {[%emt 0:00:30]} 25. Nxg4 {[%emt 0:00:30]} hxg4 {[%emt 0:00:30]} 26. Bb3 {[%emt 0:00:30]} Rd3 {[%emt 0:00:30]} 27. Bf4 {[%emt 0:00:30]} Rh3 {[%emt 0:00:30]} 28. Rxh3 {[%emt 0:00:30]} gxh3 {[%emt 0:00:30]} 29. Ra2 {[%emt 0:00:30]} Nd3 {[%emt 0:00:30]} 30. Bh2 {[%emt 0:00:30]} Nc1 {[%emt 0:00:30]} 31. Rb2 {[%emt 0:00:30]} Nxb3 {[%emt 0:00:30]} 32. Rxb3 {[%emt 0:00:30]} Rd8 {[%emt 0:00:30]} 33. Nd6 {[%emt 0:00:30]} Bf8 {[%emt 0:00:30]} 34. c4 {[%emt 0:00:30]} f5 {[%emt 0:00:30]} 35. Rg3 {[%emt 0:00:30]} Bxd6 {[%emt 0:00:30]} 36. cxd6 {[%emt 0:00:30]} Rxd6 {[%emt 0:00:30]} 37. Kf6+ {[%emt 0:00:30]} Kf8 {[%emt 0:00:30]} 38. Rxh3 {[%emt 0:00:30]} e5+ {[%emt 0:00:30]} 39. Kxe5 {[%emt 0:00:30]} Rd2 {[%emt 0:00:30]} 40. Ke6 {[%emt 0:00:30]} f4 {[%emt 0:00:30]} 41. Bxf4 {[%emt 0:00:30]} Rf2 {[%emt 0:00:30]} 42. Be5 {[%emt 0:00:30]} 1-0

[Event "Gonzaga Classic Masters 2020"]
[Site "Dublin/"]
[Date "2020.01.26"]
[Round "4.14"]
[White "Manojlovic, Mihailo"]
[Black "Venkatesan, Kavin"]
[Result "0-1"]
[WhiteElo "2011"]
[BlackElo "1815"]
[Annotator "NA"]
[PlyCount "58"]
[EventDate "2020.01.24"]
[EventType "swiss"]
[EventCountry "IRL"]
[SourceTitle "playchess.com"]
[Source "ChessBase"]
[SourceQuality "1"]
[TimeControl "5400+30"]

1. e4 {[%emt 0:00:00]} c5 {[%emt 0:00:00]} 2. c3 {[%emt 0:00:00]} d5 {[%emt 0:00:00]} 3. exd5 {[%emt 0:00:00]} Nf6 {[%emt 0:00:16]} 4. d4 {[%emt 0:00:00]} Nxd5 {[%emt 0:00:24]} 5. Nf3 {[%emt 0:00:03]} e6 {[%emt 0:00:46]} 6. Bd3 {[%emt 0:00:57]} cxd4 {[%emt 0:00:17]} 7. cxd4 {[%emt 0:00:07]} Bb4+ {[%emt 0:00:09]} 8. Nbd2 {[%emt 0:01:41]} O-O {[%emt 0:02:41]} 9. O-O {[%emt 0:00:20]} Nc6 {[%emt 0:00:39]} 10. Nc4 {[%emt 0:03:12]} a6 {[%emt 0:10:48]} 11. Qe2 {[%emt 0:02:17]} Nce7 {[%emt 0:03:07]} 12. Bg5 {[%emt 0:26:28]} f6 {[%emt 0:02:13]} 13. Qe4 $11 {[%emt 0:17:16]} (13. a3 $5 {[%cal Ra3b4]}) 13... Ng6 {[%emt 0:02:56]} 14. Bd2 {[%emt 0:05:00]} Bxd2 {[%emt 0:01:03]} 15. Ncxd2 {[%emt 0:00:18]} f5 {[%emt 0:02:12]} 16. Qe1 {[%emt 0:00:06]} b5 {[%emt 0:09:10]} 17. Nb3 {[%emt 0:02:51]} Ndf4 {[%emt 0:01:22]} 18. Qe3 {[%emt 0:01:48]} Bb7 {[%emt 0:02:58]} 19. Nc5 {[%emt 0:02:21]} Bd5 {[%emt 0:00:20]} 20. g3 {[%emt 0:09:24]} Nh3+ {[%emt 0:01:17]} 21. Kg2 {[%emt 0:00:47]} Ng5 {[%emt 0:00:09]} 22. Be2 {[%emt 0:00:15]} f4 {[%emt 0:00:14]} 23. Qd3 {[%emt 0:04:46]} e5 {[%emt 0:06:45]} 24. Qd1 {[%emt 0:07:14]} e4 {[%emt 0:02:55]} 25. Nxg5 {[%emt 0:00:28]} f3+ {[%emt 0:00:17]} 26. Nxf3 {[%emt 0:02:23]} exf3+ {[%emt 0:00:09]} 27. Kg1 {[%emt 0:00:05]} fxe2 {[%emt 0:00:28]} 28. Qxe2 {[%emt 0:00:02]} Bc4 {[%emt 0:00:52]} 29. Nd3 {[%emt 0:00:09]} Qxd4 {[%emt 0:00:10]} 0-1

[Event "Gonzaga Classic Masters 2020"]
[Site "Dublin/"]
[Date "2020.01.26"]
[Round "4.15"]
[White "Putar, Leon"]
[Black "Fox, Anthony"]
[Result "0-1"]
[WhiteElo "1845"]
[BlackElo "2003"]
[Annotator "NA"]
[PlyCount "134"]
[EventDate "2020.01.24"]
[EventType "swiss"]
[EventCountry "IRL"]
[SourceTitle "playchess.com"]
[Source "ChessBase"]
[SourceQuality "1"]
[TimeControl "5400+30"]

1. e4 {[%emt 0:00:00]} e5 {[%emt 0:00:00]} 2. Nf3 {[%emt 0:00:00]} Nc6 {[%emt 0:00:00]} 3. Bc4 {[%emt 0:00:09]} Nf6 {[%emt 0:00:00]} 4. d3 {[%emt 0:00:13]} Be7 {[%emt 0:00:16]} 5. c3 {[%emt 0:00:14]} O-O {[%emt 0:00:29]} 6. O-O {[%emt 0:00:34]} d6 {[%emt 0:00:40]} 7. h3 {[%emt 0:01:56]} Na5 {[%emt 0:00:14]} 8. Bb5 {[%emt 0:00:40]} a6 {[%emt 0:00:47]} 9. Ba4 {[%emt 0:00:50]} b5 {[%emt 0:00:45]} 10. Bc2 {[%emt 0:00:06]} c5 {[%emt 0:00:19]} 11. Re1 {[%emt 0:01:24]} Re8 {[%emt 0:02:01]} 12. Nbd2 {[%emt 0:00:57]} g6 {[%emt 0:02:24]} 13. Nf1 {[%emt 0:02:04]} Bf8 {[%emt 0:00:33]} 14. Bg5 {[%emt 0:00:31]} h6 {[%emt 0:00:11] C90: Closed Ruy Lopez with 7...d6: Early deviations} 15. Bh4 {[%emt 0:00:24]} (15. Bxf6 Qxf6 16. Ne3 Be6 17. Qd2 Nc6 18. Bb3 Bg7 19. Bd5 Rac8 20. a4 Ne7 21. Bb7 Rb8 22. Bxa6 bxa4 23. Rxa4 Bxh3 {0-1 (61) Guerra Tulcan,L (2421)-Granda Zuniga,J (2640) Quito 2012}) 15... Be7 $146 {[%emt 0:02:53]} ({Predecessor:} 15... Bg7 16. Ne3 Be6 17. d4 Qc7 18. Qd2 Nh5 19. d5 Bd7 20. b3 Nb7 21. a4 Na5 22. b4 cxb4 23. cxb4 {1-0 (48) Ostrovskiy,A (2444)-Becker,D (2275) Neustadt an der Weinstrasse 2017}) 16. Bxf6 {[%emt 0:03:22]} Bxf6 {[%emt 0:00:12]} 17. Ne3 {[%emt 0:01:00]} Be6 {[%emt 0:02:43]} 18. Nd5 {[%emt 0:01:49]} Bxd5 {[%emt 0:04:03]} 19. exd5 {[%emt 0:00:07]} Bg7 {[%emt 0:03:29]} 20. Qd2 $11 {[%emt 0:03:42]} Nb7 {[%emt 0:10:58]} 21. Kf1 {[%emt 0:07:01]} Kh7 {[%emt 0:03:44]} 22. Re2 {[%emt 0:03:38]} f5 {[%emt 0:07:34]} 23. Rae1 {[%emt 0:02:22]} Qf6 {[%emt 0:03:29]} 24. Nh2 {[%emt 0:01:12]} Qf7 {[%emt 0:01:15]} 25. c4 {[%emt 0:01:40]} Rab8 {[%emt 0:05:17]} 26. f4 {[%emt 0:02:09]} exf4 {[%emt 0:02:53]} 27. Qxf4 {[%emt 0:00:15]} Be5 {[%emt 0:08:34]} 28. Qh4 {[%emt 0:11:50]} g5 {[%emt 0:00:39]} 29. Qf2 {[%emt 0:00:14]} Bxh2 {[%emt 0:02:58]} 30. d4 {[%emt 0:00:37]} Rxe2 {[%emt 0:11:00]} 31. Rxe2 {[%emt 0:00:21]} Kg7 {[%emt 0:00:37]} 32. Qe1 {[%emt 0:04:29]} Kf8 {[%emt 0:02:08]} 33. dxc5 {[%emt 0:01:40]} Nxc5 {[%emt 0:01:11]} 34. b4 {[%emt 0:00:14]} Nd7 {[%emt 0:02:31]} 35. Re6 {[%emt 0:00:22]} Re8 {[%emt 0:01:38]} 36. g3 {[%emt 0:00:40]} Ne5 {[%emt 0:01:47]} 37. Rxh6 {[%emt 0:06:41]} Kg7 {[%emt 0:03:27]} 38. Rxd6 {[%emt 0:00:31]} bxc4 {[%emt 0:05:10]} 39. Qd2 {[%emt 0:10:15]} Qh5 {[%emt 0:01:10]} 40. Kg2 {[%emt 0:00:47]} Bxg3 {[%emt 0:00:55]} 41. Qe3 {[%emt 0:13:02]} Bf4 {[%emt 0:00:41]} 42. Qf2 {[%emt 0:00:37]} Nf7 {[%emt 0:01:54]} 43. Re6 {[%emt 0:00:39]} Rxe6 {[%emt 0:03:26]} 44. dxe6 {[%emt 0:20:42]} Ne5 {[%emt 0:00:11]} 45. a4 {[%emt 0:00:00]} Kf6 {[%emt 0:00:16]} 46. b5 {[%emt 0:00:00]} axb5 {[%emt 0:00:05]} 47. axb5 {[%emt 0:00:00]} Qh4 {[%emt 0:00:34]} 48. Qa7 {[%emt 0:00:00]} Qg3+ {[%emt 0:00:15]} 49. Kf1 {[%emt 0:00:00]} Qxh3+ {[%emt 0:00:27]} 50. Ke2 {[%emt 0:00:00]} Qf3+ {[%emt 0:00:14]} 51. Ke1 {[%emt 0:00:00]} Qe3+ {[%emt 0:00:19]} 52. Qxe3 {[%emt 0:00:00]} Bxe3 {[%emt 0:00:04]} 53. Bxf5 {[%emt 0:00:00]} Bc5 {[%emt 0:00:22]} 54. Be4 {[%emt 0:00:00]} Kxe6 {[%emt 0:00:13]} 55. Ke2 {[%emt 0:00:00]} Nd7 {[%emt 0:00:19]} 56. Bc6 {[%emt 0:00:00]} Nb6 {[%emt 0:00:22]} 57. Bg2 {[%emt 0:00:00]} Ke5 {[%emt 0:00:07]} 58. Kf3 {[%emt 0:00:00]} Kd4 {[%emt 0:00:29]} 59. Ke2 {[%emt 0:00:00]} c3 {[%emt 0:00:26]} 60. Bh3 {[%emt 0:00:00]} Kc4 {[%emt 0:00:26]} 61. Bg2 {[%emt 0:00:00]} Kxb5 {[%emt 0:00:13]} 62. Kd3 {[%emt 0:00:00]} Kb4 {[%emt 0:00:14]} 63. Kc2 {[%emt 0:00:00]} Nc4 {[%emt 0:00:11]} 64. Bc6 {[%emt 0:00:00]} Ne3+ {[%emt 0:01:05]} 65. Kb1 {[%emt 0:00:00]} Kb3 {[%emt 0:00:22]} 66. Be4 {[%emt 0:00:00]} c2+ {[%emt 0:01:05]} 67. Bxc2+ {[%emt 0:00:00]} Nxc2 {[%emt 0:00:07]} 0-1

[Event "Gonzaga Classic Masters 2020"]
[Site "Dublin/"]
[Date "2020.01.26"]
[Round "4.18"]
[White "Boland, Dylan"]
[Black "Nolan, Conor"]
[Result "1-0"]
[WhiteElo "1836"]
[BlackElo "1922"]
[Annotator "NA"]
[PlyCount "93"]
[EventDate "2020.01.24"]
[EventType "swiss"]
[EventCountry "IRL"]
[SourceTitle "playchess.com"]
[Source "ChessBase"]
[SourceQuality "1"]
[TimeControl "5400+30"]

1. d4 {[%emt 0:00:00]} Nf6 {[%emt 0:00:00]} 2. c4 {[%emt 0:00:00]} e6 {[%emt 0:00:03]} 3. g3 {[%emt 0:00:00]} d5 {[%emt 0:00:20]} 4. Bg2 {[%emt 0:01:30]} h6 {[%emt 0:02:51]} 5. Nf3 {[%emt 0:00:29]} c5 {[%emt 0:01:29]} 6. cxd5 {[%emt 0:06:29]} exd5 {[%emt 0:05:57]} 7. O-O {[%emt 0:00:32]} Nc6 {[%emt 0:02:47]} 8. Nc3 {[%emt 0:02:48]} b6 {[%emt 0:04:36]} 9. Re1 {[%emt 0:11:52]} Bf5 {[%emt 0:08:32]} 10. e4 {[%emt 0:32:57]} dxe4 {[%emt 0:07:59]} 11. d5 {[%emt 0:05:02]} Ne7 {[%emt 0:16:30]} 12. Nh4 {[%emt 0:12:27]} Bg4 {[%emt 0:01:16]} 13. f3 {[%emt 0:06:02]} g5 {[%emt 0:12:30]} 14. fxg4 {[%emt 0:01:22]} gxh4 {[%emt 0:00:07]} 15. Nxe4 {[%emt 0:07:23]} Nxe4 {[%emt 0:00:35]} 16. Bxe4 {[%emt 0:03:05]} Qd7 {[%emt 0:03:25]} 17. Bf5 {[%emt 0:01:52]} Qb5 {[%emt 0:05:16]} 18. a4 {[%emt 0:02:40]} Qb4 {[%emt 0:01:08]} 19. Re4 {[%emt 0:01:51]} c4 {[%emt 0:02:35]} 20. d6 {[%emt 0:00:10]} hxg3 {[%emt 0:01:16]} 21. hxg3 {[%emt 0:00:20]} h5 {[%emt 0:00:10]} 22. Qd5 {[%emt 0:01:21]} Qc5+ {[%emt 0:02:44]} 23. Qxc5 {[%emt 0:00:02]} bxc5 {[%emt 0:00:01]} 24. dxe7 {[%emt 0:00:25]} Bg7 {[%emt 0:00:02]} 25. Rxc4 {[%emt 0:01:16]} Bd4+ {[%emt 0:00:07]} 26. Kg2 {[%emt 0:00:14]} Kxe7 {[%emt 0:00:24]} 27. Bg5+ {[%emt 0:00:28]} f6 {[%emt 0:00:21]} 28. Re1+ {[%emt 0:00:03]} Kf7 {[%emt 0:00:41]} 29. Bf4 {[%emt 0:00:45]} h4 {[%emt 0:02:22]} 30. gxh4 {[%emt 0:00:10]} Rxh4 {[%emt 0:00:15]} 31. Rh1 {[%emt 0:00:36]} Rxh1 {[%emt 0:19:11]} 32. Kxh1 {[%emt 0:00:02]} Bxb2 {[%emt 0:00:00]} 33. Rxc5 {[%emt 0:00:12]} Rh8+ {[%emt 0:00:00]} 34. Kg2 {[%emt 0:00:08]} Re8 {[%emt 0:00:00]} 35. Kf3 {[%emt 0:00:37]} Bd4 {[%emt 0:00:00]} 36. Rc7+ {[%emt 0:00:38]} Kg8 {[%emt 0:00:00]} 37. Rd7 {[%emt 0:00:37]} Bb6 {[%emt 0:00:00]} 38. Rb7 {[%emt 0:01:17]} Re1 {[%emt 0:00:00]} 39. Rb8+ {[%emt 0:01:00]} Kg7 {[%emt 0:00:00]} 40. Rb7+ {[%emt 0:00:13]} Kg8 {[%emt 0:00:00]} 41. Rd7 {[%emt 0:00:36]} Ra1 {[%emt 0:00:00]} 42. Be6+ {[%emt 0:00:24]} Kh8 {[%emt 0:00:00]} 43. Ke4 {[%emt 0:00:57]} Rxa4+ {[%emt 0:00:00]} 44. Kf5 {[%emt 0:00:03]} Rd4 {[%emt 0:00:00]} 45. Rb7 {[%emt 0:00:59]} Rb4 {[%emt 0:00:00]} 46. Kg6 {[%emt 0:00:24]} Bc5 {[%emt 0:00:00]} 47. Rh7# {[%emt 0:00:06]} 1-0

[Event "Gonzaga Classic Masters 2020"]
[Site "Dublin/"]
[Date "2020.01.26"]
[Round "5.1"]
[White "Lupulescu, Constantin"]
[Black "Korneev, Oleg"]
[Result "1/2-1/2"]
[WhiteElo "2649"]
[BlackElo "2513"]
[Annotator "TA"]
[PlyCount "87"]
[EventDate "2020.01.24"]
[EventType "swiss"]
[EventCountry "IRL"]
[SourceTitle "playchess.com"]
[Source "ChessBase"]
[SourceQuality "1"]

{[%evp 15,87,3,16,0,0,-8,0,0,11,10,21,0,0,0,0,0,0,0,0,0,0,0,0,0,12,6,7,8,14,0,0,0,6,0,0,0,0,0,0,0,0,0,0,0,0,0,0,0,0,0,0,0,0,0,0,0,0,0,0,0,2,0,0,0,0,0,2,0,0,0,0,0,0,0]} 1. d4 d5 2. c4 e6 3. Nf3 Nf6 4. Bg5 Be7 5. Nc3 h6 6. Bf4 O-O 7. e3 c5 8. dxc5 Bxc5 {The position is equal.} 9. a3 {D55: Queen's Gambit Declined: 4 Bg5 Be7: Lines without ...h6 and 6...h6 7 Bxf6.} Nc6 {[#]} 10. cxd5 $146 ({Predecessor:} 10. Qc2 Nh5 11. Bg3 dxc4 12. Bxc4 Be7 13. Ba2 a6 14. Rd1 Qa5 15. Bb1 f5 16. O-O Nxg3 17. hxg3 {1-0 (37) Carlsen,M (2872)-Kovalev,V (2660) Wijk aan Zee 2020}) 10... exd5 11. Be2 a6 12. O-O Be6 13. Ne5 Bd6 14. Nxc6 bxc6 15. Bxd6 Qxd6 16. b4 c5 17. bxc5 Qxc5 18. Qd4 Qxd4 19. exd4 Rfb8 20. f3 Rb3 21. Na4 a5 22. Rfb1 Rab8 {[#]} 23. Bd3 $1 {[%mdl 512]} Ne8 (23... Rxd3 24. Rxb8+) 24. Nc5 (24. Rxb3 {is interesting.} Rxb3 25. Nc5 Rb6 26. Re1 Kf8 27. Kf2) 24... Rxb1+ 25. Rxb1 Rxb1+ 26. Bxb1 $11 {[%mdl 4096] Endgame KBN-KBN} Nd6 27. Bd3 Bf5 28. Be2 Bc2 29. g4 f5 30. Kf2 Kf7 31. Ke3 fxg4 32. fxg4 Kf6 33. Kd2 Bg6 34. Nb3 Ne4+ 35. Ke3 a4 36. Nc5 Nc3 37. h4 Nb1 38. Bb5 Nxa3 39. Bxa4 Bc2 40. Bc6 Bd1 41. Kf4 g5+ 42. hxg5+ hxg5+ 43. Kg3 Nc2 44. Bxd5 {Accuracy: White = 100%, Black = 100%.} 1/2-1/2

[Event "Gonzaga Classic Masters 2020"]
[Site "Dublin/"]
[Date "2020.01.26"]
[Round "5.2"]
[White "Kanyamarala, Tarun"]
[Black "Meier, Georg"]
[Result "1-0"]
[WhiteElo "2320"]
[BlackElo "2629"]
[Annotator "TA"]
[PlyCount "105"]
[EventDate "2020.01.24"]
[EventType "swiss"]
[EventCountry "IRL"]
[SourceTitle "playchess.com"]
[Source "ChessBase"]
[SourceQuality "1"]

{[%evp 14,105,31,30,29,27,45,9,12,10,6,2,28,24,40,8,20,0,15,8,18,12,16,4,13,13,20,11,27,19,14,14,28,14,26,9,14,-15,0,-14,2,0,0,0,0,-5,-5,-34,-34,-34,-9,-10,-10,-15,-13,-6,0,0,0,0,0,0,0,-138,-129,-144,-144,-144,-144,-128,-128,-120,-18,-19,-18,-62,0,0,0,0,0,0,0,0,0,0,1348,1260,29988,651,12837,791,29987,29988]} 1. d4 e6 2. c4 Nf6 3. Nc3 Bb4 4. g3 c5 5. Nf3 Nc6 6. Bg2 Ne4 7. Bd2 Nxd2 8. Qxd2 cxd4 {E20: Nimzo-Indian: 4 g3 and 4 f3.} 9. Nxd4 Qb6 10. Nc2 Be7 {The position is equal.} 11. O-O O-O 12. Rfd1 Ne5 13. b3 d6 14. Nd4 a6 15. Na4 Qc7 16. Qb4 Nd7 17. Rac1 Rb8 18. e3 Re8 19. h3 Bf8 20. Qd2 g6 21. b4 Nb6 22. Nxb6 Qxb6 23. Nb3 Qc7 24. c5 {[%cal Rc5d6]} d5 25. Kh2 h5 26. h4 Be7 27. f4 Rd8 28. Qc2 Bd7 29. Nd4 Be8 30. Rd2 b6 31. Qd3 bxc5 (31... a5 {looks sharper.} 32. c6 Bxb4 33. Nb5 Qe7 34. Rdc2 Rdc8) 32. bxc5 Bb5 33. Nxb5 ({Don't go for} 33. Nxe6 $2 Qc8 $19) 33... axb5 34. Rdc2 b4 35. e4 dxe4 36. Qxe4 Bf6 37. Rc4 Bc3 38. a3 (38. Qb1 $11) 38... Bb2 $36 {[%mdl 2048] Black is really pushing.} 39. axb4 {[#] And now Rb1 would win.} Bxc1 40. Rxc1 Rd2 41. Rc4 Qa7 {...Qa2 is the strong threat.} 42. c6 {[%cal Bc5c6,Bc6c7][%mdl 32]} Qa2 (42... Rb2 $17 43. Kh3 Qf2) 43. c7 $11 Rc8 44. Rc5 Qb2 ({Black should try} 44... Rd5 $1 $15 45. Rc2 Qb1) 45. Qb7 Kg7 46. b5 (46. Qxc8 $2 Rxg2+ 47. Kh1 Rh2+ 48. Kg1 Qg2#) 46... Kh7 47. b6 (47. Qxc8 $2 {is a self mate.} Rxg2+ 48. Kh1 Rh2+ 49. Kg1 Qg2#) 47... Kg7 48. Qc6 Kh7 49. Kh3 Kh6 $2 {[%mdl 8192] [#]} (49... Rxg2 $11 50. Qxg2 Qxb6) 50. Rb5 $18 Qa2 51. Qe4 (51. b7 $142 Rxg2 52. Qxg2 Qa6 53. b8=Q Kh7 54. Rb7 Kg7 55. Qxc8 g5 56. hxg5) 51... f5 52. Qf3 (52. b7 $142 Qa6 53. Qe5) 52... Rf2 53. b7 {Accuracy: White = 76%, Black = 76%.} 1-0

[Event "Gonzaga Classic Masters 2020"]
[Site "Dublin/"]
[Date "2020.01.26"]
[Round "5.4"]
[White "Turner, Matthew J"]
[Black "Kanyamarala, Trisha"]
[Result "1-0"]
[WhiteElo "2521"]
[BlackElo "2195"]
[Annotator "TA"]
[PlyCount "71"]
[EventDate "2020.01.24"]
[EventType "swiss"]
[EventCountry "IRL"]
[SourceTitle "playchess.com"]
[Source "ChessBase"]
[SourceQuality "1"]

{[%evp 18,71,20,29,19,28,34,19,30,13,4,-5,37,37,51,45,56,41,60,52,61,34,130,110,168,131,143,139,156,100,97,84,114,72,78,74,514,458,736,757,859,854,883,876,995,934,1561,1388,5510,5506,29990,29991,29997,29992,29992,29993]} 1. d4 Nf6 2. Nf3 d5 3. c4 e6 4. g3 Bb4+ 5. Bd2 Be7 6. Bg2 O-O 7. O-O Nbd7 8. Qc2 Ne4 9. Bf4 $1 {9.Bf4 scores better than 9.Nc3.} c6 10. Nc3 g5 {[#] aiming for ...Nxc3. E08: Closed Catalan: Main Line: 7 Qc2.} 11. Bc1 f5 12. Ne1 h6 {The position is equal.} 13. f3 Nxc3 14. Qxc3 Nf6 15. Nd3 Bd7 16. Be3 Rc8 17. Bf2 Kg7 18. Rad1 Qc7 19. Rfe1 g4 (19... Be8 $14) 20. Be3 Rce8 (20... gxf3 $16 {was worth a try.} 21. exf3 dxc4) 21. c5 h5 22. Bf4 $36 {[%mdl 2048] White is really pushing.} Qd8 23. Be5 ({Better is} 23. Qa3) 23... Rh8 $16 24. Nf4 Reg8 25. e4 gxf3 {[#]} 26. exd5 $1 ({Don't play} 26. Bxf3 dxe4 27. Bxh5 Kf8 $11) 26... fxg2 $4 {[%mdl 8192]} (26... exd5 $16 {is more resistant.} 27. Qxf3 (27. Bxf3 h4 $16) 27... h4) 27. dxe6 $18 Bc8 (27... Rh6 $142 28. d5 (28. Kxg2 Be8 $16) 28... Kh7) 28. d5 cxd5 29. Nxd5 Qf8 30. Bd6 Bxd6 31. cxd6 Rh6 32. d7 Bxd7 33. exd7 Qd8 34. Re7+ {White mates.} Kf8 35. Nxf6 Qb6+ 36. Qe3 {Accuracy: White = 86%, Black = 44%.} 1-0